[Event "PRO League Group Stage"]
[Site "chess.com INT"]
[Date "2018.02.03"]
[Round "4"]
[White "Sheng, Joshua"]
[Black "Checa, Nicolas"]
[Result "1/2-1/2"]
[WhiteTitle "IM"]
[BlackTitle "IM"]
[WhiteElo "2392"]
[BlackElo "2486"]
[WhiteTeam "San Diego Surfers"]
[BlackTeam "Montclair Sopranos"]
[WhiteFideId "2057360"]
[BlackFideId "2069342"]
[EventDate "2018.01.18"]

1. e4 e6 2. d4 d5 3. Nc3 Bb4 4. e5 Ne7 5. a3 Bxc3+ 6. bxc3 c5 7. Qg4 cxd4 8. Bd3
Qa5 9. Ne2 Kf8 10. a4 Nbc6 11. Ba3 Nxe5 12. Bxe7+ Kxe7 13. Qxg7 Nxd3+ 14. cxd3
Qd8 15. Qxd4 f6 16. O-O e5 17. Qe3 Kf7 18. f4 d4 19. Qe4 f5 20. fxe5 dxc3 21.
Nd4 Re8 22. Nxf5 Bxf5 23. Rxf5+ Kg8 24. Qc4+ Kh8 25. Qxc3 Rc8 26. Qb2 Rc2 27.
Qxc2 Qd4+ 28. Kf1 Qxa1+ 29. Kf2 Qd4+ 30. Kf3 Qd5+ 31. Kg3 Rg8+ 32. Kh3 Qe6 33.
g4 Qh6+ 34. Rh5 Qe3+ 35. Kh4 Qe1+ 36. Kh3 Qe3+ 37. Kh4 Qe1+ 38. Kh3 Qe3+ 39. Kh4
Qe1+ 40. Kh3 Qe3+ 41. Kh4 Qe1+ 42. Kh3 Qe3+ 1/2-1/2

[Event "PRO League Group Stage"]
[Site "chess.com INT"]
[Date "2018.02.03"]
[Round "4"]
[White "Sheng, Joshua"]
[Black "Mitkov, Nikola"]
[Result "0-1"]
[WhiteTitle "IM"]
[BlackTitle "GM"]
[WhiteElo "2392"]
[BlackElo "2461"]
[WhiteTeam "San Diego Surfers"]
[BlackTeam "Minnesota Blizzard"]
[WhiteFideId "2057360"]
[BlackFideId "15000290"]
[EventDate "2018.01.18"]

1. d4 d5 2. Nc3 Bf5 3. f3 Bg6 4. e4 dxe4 5. fxe4 e5 6. dxe5 Qxd1+ 7. Kxd1 Nd7 8.
Bf4 O-O-O 9. Bd3 Nc5 10. Ke2 Ne6 11. Bg3 Nd4+ 12. Ke1 Bb4 13. Nf3 Ne7 14. a3
Bxc3+ 15. bxc3 Ne6 16. Ke2 Rhe8 17. Ke3 a6 18. Nh4 Nc6 19. Rhf1 Rd7 20. Nf5 Bxf5
21. Rxf5 g6 22. Rf6 Ned8 23. Rb1 Nxe5 24. Bxe5 Rxe5 25. Kf4 Rc5 26. Rxa6 Ne6+ 0-1

[Event "PRO League Group Stage"]
[Site "chess.com INT"]
[Date "2018.02.03"]
[Round "4"]
[White "Sheng, Joshua"]
[Black "Wang, Annie"]
[Result "1-0"]
[WhiteTitle "IM"]
[BlackTitle "FM"]
[WhiteElo "2392"]
[BlackElo "2330"]
[WhiteTeam "San Diego Surfers"]
[BlackTeam "Saint Louis Arch Bishops"]
[WhiteFideId "2057360"]
[BlackFideId "2053900"]
[EventDate "2018.01.18"]

1. e4 e6 2. d4 d5 3. Nc3 Nf6 4. e5 Nfd7 5. f4 c5 6. Nf3 Nc6 7. Be3 a6 8. Qd2 b5
9. dxc5 Bxc5 10. Bd3 Qb6 11. Bf2 Bxf2+ 12. Qxf2 Qxf2+ 13. Kxf2 Bb7 14. Ne2 Ke7
15. Ned4 Rac8 16. Nxc6+ Bxc6 17. Nd4 Bb7 18. Ke3 Nc5 19. h4 f6 20. h5 Nd7 21. h6
g6 22. exf6+ Kxf6 23. Rae1 Rhe8 24. Nf3 e5 25. fxe5+ Nxe5 26. Nxe5 Rxe5+ 27. Kf4
Rxe1 28. Rxe1 Bc6 29. g4 Bd7 30. g5+ Kf7 31. Re2 Be6 32. Ke5 Ke7 33. Rf2 Kd7 34.
Rf6 Re8 35. Kd4 Rc8 36. c3 Rb8 37. Rf1 Kd6 38. b3 Rc8 39. Rf6 Kd7 40. a4 bxa4
41. bxa4 a5 42. Ke5 Bg8 43. Bb5+ Ke7 44. Rc6 Rf8 45. Rc7+ Kd8 46. Ra7 d4 47. Kd6 1-0

[Event "PRO League Group Stage"]
[Site "chess.com INT"]
[Date "2018.02.03"]
[Round "4"]
[White "Breckenridge, Steven"]
[Black "Grabinsky, Aaron"]
[Result "1/2-1/2"]
[WhiteTitle "FM"]
[WhiteElo "2312"]
[BlackElo "2359"]
[WhiteTeam "Dallas Destiny"]
[BlackTeam "Webster Windmills"]
[WhiteFideId "2043700"]
[BlackFideId "2087090"]
[EventDate "2018.01.18"]

1. e4 e6 2. d4 d5 3. exd5 exd5 4. Nf3 Bd6 5. Bd3 Ne7 6. c4 c6 7. O-O O-O 8. Nc3
dxc4 9. Bxc4 Nd7 10. Ne4 Nb6 11. Nxd6 Qxd6 12. Be2 Bg4 13. Be3 Rad8 14. Ne5 Bxe2
15. Qxe2 Ng6 16. Nc4 Nxc4 17. Qxc4 Qd5 18. b3 Rfe8 19. Rfe1 Re6 20. Qxd5 Rxd5
21. f3 h5 22. Kf1 f6 23. Bf2 Kf7 24. Re4 f5 25. Rxe6 Kxe6 26. Re1+ Kf7 27. g3 a6
28. Ke2 Nf8 29. Kd3 Ne6 30. a4 Kf6 31. Kc3 g5 32. f4 gxf4 33. gxf4 Nxf4 34. Bh4+
Kg6 35. Re7 b5 36. Bg3 Kg5 37. a5 c5 38. dxc5 Rxc5+ 39. Kd4 Rd5+ 40. Kc3 Rc5+
41. Kd4 Rd5+ 42. Kc3 Rd3+ 43. Kc2 Rd6 44. Rg7+ Kf6 45. Rc7 Ke5 46. Re7+ Kf6 47.
Rc7 Kg5 48. Rg7+ Kf6 49. Rc7 1/2-1/2

[Event "PRO League Group Stage"]
[Site "chess.com INT"]
[Date "2018.02.03"]
[Round "4"]
[White "Breckenridge, Steven"]
[Black "Rosenthal, Nicholas"]
[Result "1-0"]
[WhiteTitle "FM"]
[WhiteElo "2312"]
[BlackElo "2169"]
[WhiteTeam "Dallas Destiny"]
[BlackTeam "Miami Champions"]
[WhiteFideId "2043700"]
[BlackFideId "2045150"]
[EventDate "2018.01.18"]

1. e4 e6 2. d4 d5 3. exd5 exd5 4. Nf3 Nf6 5. Bd3 Bd6 6. Qe2+ Qe7 7. Qxe7+ Bxe7
8. Bf4 c6 9. Nbd2 O-O 10. h3 Re8 11. O-O-O Nbd7 12. Rde1 Nf8 13. g4 Be6 14. g5
N6d7 15. h4 c5 16. c3 c4 17. Bc2 b5 18. h5 a5 19. Nf1 b4 20. Ne3 a4 21. Nf5 Bxf5
22. Bxf5 a3 23. cxb4 axb2+ 24. Kxb2 Bxb4 25. Bd2 Bxd2 26. Nxd2 Reb8+ 27. Ka1 c3
28. Nb1 Rb2 29. Nxc3 Rxf2 30. Bb1 Ne6 31. Rd1 Nb6 32. g6 fxg6 33. hxg6 h6 34.
Rhe1 Rf6 35. Nb5 Nf8 36. Re7 Nxg6 37. Rb7 Nf8 38. Rg1 Nbd7 39. Nc7 Ra5 40. Bc2
Rb6 41. Rxb6 Nxb6 42. Ne8 Ra7 43. Nf6+ Kf7 44. Nh5 g6 45. Rf1+ Kg8 46. Nf6+ Kg7
47. Ne8+ Kg8 48. Bb3 Ne6 49. Nf6+ Kh8 50. Nxd5 Nxd5 51. Bxd5 Nxd4 52. Kb2 Kg7
53. Kc3 Nf5 54. Be6 Kf6 55. Bg8 h5 56. Kb4 h4 57. a4 Kg5 58. a5 Ng3 59. Re1 h3
60. Bd5 Kf4 61. Kb5 g5 62. Kb6 Rd7 63. Bc6 Rd2 64. Ra1 Rb2+ 65. Kc7 h2 66. a6
Ne4 67. a7 Ra2 68. Rxa2 h1=Q 69. Ra4 Qh7+ 70. Kb6 g4 71. Bxe4 Qg7 72. a8=Q g3
73. Bf3+ Ke3 74. Qe4+ 1-0

[Event "PRO League Group Stage"]
[Site "chess.com INT"]
[Date "2018.02.03"]
[Round "4"]
[White "Bryant, John Daniel"]
[Black "Rohde, Michael"]
[Result "1-0"]
[WhiteTitle "IM"]
[BlackTitle "GM"]
[WhiteElo "2437"]
[BlackElo "2388"]
[WhiteTeam "San Diego Surfers"]
[BlackTeam "Miami Champions"]
[WhiteFideId "2031280"]
[BlackFideId "2000172"]
[EventDate "2018.01.18"]

1. e4 c5 2. c3 Nf6 3. e5 Nd5 4. Nf3 e6 5. d4 cxd4 6. cxd4 d6 7. Bc4 Nc6 8. Qe2
Nb6 9. Bb3 Bd7 10. O-O d5 11. Nc3 Be7 12. Qe3 Rc8 13. Qf4 Nb4 14. Qg3 Kf8 15.
Rd1 a5 16. a4 h6 17. Nd2 Bh4 18. Qf3 Bc6 19. Qe2 Be7 20. Ndb1 Nc4 21. Na3 Nb6
22. Nab5 Qd7 23. Bf4 Bxb5 24. Nxb5 Nc4 25. Rac1 Rc6 26. Bxc4 dxc4 27. Rxc4 Nd5
28. Bd2 Nb6 29. Rcc1 Nxa4 30. Bxa5 g6 31. Nd6 Kg7 32. Bb4 Nb6 33. Qf3 Bxd6 34.
Qf6+ Kh7 35. Bxd6 Nd5 36. Qf3 Rhc8 37. Rxc6 Rxc6 38. h4 h5 39. Qe2 Qc8 40. g3
Rc2 41. Qf3 Kg7 42. Qb3 Qc6 43. Ba3 b6 44. Bc5 Re2 45. Ba3 Ne3 46. d5 Nxd5 47.
Qf3 Rc2 48. Be7 Rc1 49. Bf6+ Kh7 50. Kh2 Rxd1 51. Qxd1 1-0

[Event "PRO League Group Stage"]
[Site "chess.com INT"]
[Date "2018.02.03"]
[Round "4"]
[White "Thavandiran, Shiyam"]
[Black "Sheng, Joshua"]
[Result "0-1"]
[WhiteTitle "IM"]
[BlackTitle "IM"]
[WhiteElo "2399"]
[BlackElo "2392"]
[WhiteTeam "Montreal Chessbrahs"]
[BlackTeam "San Diego Surfers"]
[WhiteFideId "2605058"]
[BlackFideId "2057360"]
[EventDate "2018.01.18"]

1. e4 e5 2. Nf3 Nc6 3. Nc3 Nf6 4. Bb5 Bb4 5. O-O O-O 6. d3 Bxc3 7. bxc3 d6 8.
Bg5 a6 9. Ba4 Qe7 10. Re1 h6 11. Bc1 Bg4 12. h3 Bh5 13. Rb1 b5 14. Bb3 Na5 15.
Qe2 c5 16. a4 Rfb8 17. Bd2 Qd7 18. axb5 axb5 19. Ra1 Qc8 20. Bd5 Nxd5 21. exd5
f5 22. c4 b4 23. Qe3 Nb7 24. Nh2 Nd8 25. f4 Nf7 26. fxe5 Nxe5 27. Qg3 Rxa1 28.
Rxa1 Ra8 29. Rxa8 Qxa8 30. Bxh6 Qa1+ 31. Nf1 Nf7 32. Bf4 Qb1 33. Qf2 Bd1 34. Kh2
Qxc2 35. Bd2 Qxd3 36. Ne3 Bc2 37. Bc1 b3 38. Bb2 g5 39. Qe1 Kf8 40. Nxc2 bxc2
41. Qe6 Qe4 42. Qc8+ Ke7 43. Qc7+ Ke8 44. Qb8+ Nd8 45. Qxd6 Qf4+ 46. Qxf4 gxf4
47. Kg1 Nf7 48. Kf2 Ne5 49. Ke2 Nxc4 50. Bc1 Ne3 51. g3 Nxd5 52. gxf4 Nb4 53.
Kd2 Kf7 54. Ba3 Kg6 55. Bb2 Kh5 56. Be5 Kh4 57. Bd6 Kxh3 58. Bxc5 c1=Q+ 59. Kxc1
Nd3+ 60. Kc2 Nxc5 61. Kc3 Kg4 62. Kd4 Kxf4 0-1

[Event "PRO League Group Stage"]
[Site "chess.com INT"]
[Date "2018.02.03"]
[Round "4"]
[White "Thavandiran, Shiyam"]
[Black "Ynojosa Aponte, Felix Jose"]
[Result "1-0"]
[WhiteTitle "IM"]
[BlackTitle "IM"]
[WhiteElo "2399"]
[BlackElo "2387"]
[WhiteTeam "Montreal Chessbrahs"]
[BlackTeam "Rio Grande Ospreys"]
[WhiteFideId "2605058"]
[BlackFideId "3900258"]
[EventDate "2018.01.18"]

1. e4 c5 2. Nf3 Nc6 3. d4 cxd4 4. Nxd4 e5 5. Nb5 d6 6. c4 Be7 7. N1c3 a6 8. Na3
Nf6 9. Nc2 O-O 10. Be2 Nd7 11. O-O Nc5 12. b3 h6 13. Bb2 Bg5 14. Bg4 Be6 15. h3
Rb8 16. Ba3 Bxg4 17. Qxg4 b5 18. cxb5 axb5 19. Nd5 Rb7 20. Rad1 Qc8 21. Qe2 Rd8
22. Kh2 Qb8 23. Bb4 Ra7 24. Ra1 Rdd7 25. g3 Bd8 26. Rfd1 Ba5 27. Bxa5 Nxa5 28.
b4 Nc4 29. bxc5 dxc5 30. Nce3 Nd6 31. Qc2 c4 32. a4 bxa4 33. Rxa4 Rxa4 34. Qxa4
Rc7 35. Nc3 Rc8 36. Qa6 Ne8 37. Ned5 Kh7 38. Rb1 Qd6 39. Qxc8 1-0

[Event "PRO League Group Stage"]
[Site "chess.com INT"]
[Date "2018.02.03"]
[Round "4"]
[White "Thavandiran, Shiyam"]
[Black "Chu, Ruotong"]
[Result "1-0"]
[WhiteTitle "IM"]
[WhiteElo "2399"]
[BlackElo "2267"]
[WhiteTeam "Montreal Chessbrahs"]
[BlackTeam "Chengdu Pandas"]
[WhiteFideId "2605058"]
[BlackFideId "8605653"]
[EventDate "2018.01.18"]

1. e4 e5 2. Nf3 Nf6 3. Nxe5 d6 4. Nf3 Nxe4 5. d3 Nf6 6. d4 d5 7. Bd3 Nc6 8. O-O
Be7 9. c3 O-O 10. Qc2 h6 11. h3 Nh5 12. Re1 Re8 13. Be3 Bd6 14. Nbd2 Be6 15. Re2
Qf6 16. Rae1 Re7 17. Qb3 Rb8 18. Bb5 Nd8 19. Bd3 c6 20. Ne5 c5 21. Qa4 c4 22.
Bb1 b5 23. Qc2 g5 24. Ndf3 Qg7 25. Bc1 f6 26. Ng4 Nf4 27. Bxf4 Bxf4 28. Ne3 Bxe3
29. Rxe3 Rbb7 30. Nh2 Kf8 31. Nf1 Bc8 32. Ng3 Rxe3 33. Rxe3 Re7 34. Qe2 Rxe3 35.
fxe3 Qc7 36. Qf3 Kf7 37. Qxd5+ Be6 38. Qf3 Qd7 39. Nh5 f5 40. g4 Bd5 41. Qxf5+
Qxf5 42. Bxf5 Ne6 43. e4 Bb7 44. Kf2 a5 45. Ke3 b4 46. Bxe6+ Kxe6 47. Ng7+ Kf6
48. Nf5 b3 49. a3 h5 50. Nd6 hxg4 51. Nxb7 1-0

[Event "PRO League Group Stage"]
[Site "chess.com INT"]
[Date "2018.02.03"]
[Round "4"]
[White "Dreev, Aleksey"]
[Black "Iturrizaga Bonelli, Eduardo"]
[Result "1-0"]
[WhiteTitle "GM"]
[BlackTitle "GM"]
[WhiteElo "2653"]
[BlackElo "2650"]
[WhiteTeam "San Diego Surfers"]
[BlackTeam "Miami Champions"]
[WhiteFideId "4100107"]
[BlackFideId "3901211"]
[EventDate "2018.01.18"]

1. d4 Nf6 2. Nf3 b6 3. c4 Bb7 4. Nc3 e6 5. a3 g6 6. Qc2 c5 7. dxc5 bxc5 8. Bf4
Nh5 9. Bg5 f6 10. Bd2 Nc6 11. e3 f5 12. Be2 Bg7 13. Rd1 O-O 14. O-O g5 15. Na4
Qe7 16. b4 cxb4 17. axb4 g4 18. Nc5 gxf3 19. Bxf3 Nxb4 20. Bxb4 Bxf3 21. gxf3 d6
22. Nd3 Rfd8 23. Qe2 Nf6 24. Kh1 a5 25. Ba3 Kh8 26. Rg1 Rab8 27. c5 dxc5 28.
Bxc5 Qe8 29. Bd4 Nh5 30. Ne5 Rd5 31. f4 Nf6 32. Rg2 Qh5 33. Qxh5 Nxh5 34. Rdg1
Rb7 35. Rg5 Nf6 36. Nf3 Ne8 37. Be5 a4 38. Nd4 h6 39. Rg6 Bxe5 40. fxe5 Kh7 41.
Nxe6 Rf7 42. Rg8 Nc7 1-0

[Event "PRO League Group Stage"]
[Site "chess.com INT"]
[Date "2018.02.03"]
[Round "4"]
[White "Dreev, Aleksey"]
[Black "Hansen, Eric"]
[Result "0-1"]
[WhiteTitle "GM"]
[BlackTitle "GM"]
[WhiteElo "2653"]
[BlackElo "2629"]
[WhiteTeam "San Diego Surfers"]
[BlackTeam "Montreal Chessbrahs"]
[WhiteFideId "4100107"]
[BlackFideId "2606771"]
[EventDate "2018.01.18"]

1. d4 Nf6 2. Nf3 g6 3. g3 Bg7 4. Bg2 d5 5. c4 O-O 6. O-O dxc4 7. Na3 c3 8. bxc3
c5 9. Re1 Nc6 10. Bb2 Qb6 11. Nc4 Qa6 12. Nce5 Rd8 13. e3 Be6 14. a4 Bd5 15. Ba3
Nxe5 16. Nxe5 Bxg2 17. Kxg2 Nd5 18. Qf3 Bxe5 19. dxe5 Qc4 20. Bb2 Rd7 21. a5
Rad8 22. Rac1 b5 23. axb6 Nxb6 24. Ba3 Rd2 25. e6 fxe6 26. Qf4 Rf8 0-1

[Event "PRO League Group Stage"]
[Site "chess.com INT"]
[Date "2018.02.03"]
[Round "4"]
[White "Thavandiran, Shiyam"]
[Black "Haining, Kyle"]
[Result "1-0"]
[WhiteTitle "IM"]
[BlackTitle "CM"]
[WhiteElo "2399"]
[BlackElo "2148"]
[WhiteTeam "Montreal Chessbrahs"]
[BlackTeam "Seattle Sluggers"]
[WhiteFideId "2605058"]
[BlackFideId "2078643"]
[EventDate "2018.01.18"]

1. e4 g6 2. d4 Bg7 3. Nc3 d6 4. Be3 a6 5. Qd2 b5 6. h4 h5 7. Nh3 Bb7 8. f3 Nd7
9. O-O-O Rc8 10. Kb1 c5 11. dxc5 Nxc5 12. Ng5 Nf6 13. e5 Nfd7 14. exd6 O-O 15.
Bd4 e5 16. Be3 Qa5 17. Nd5 Qxd2 18. Rxd2 Bxd5 19. Rxd5 Rfd8 20. Be2 f6 21. Ne4
Nxe4 22. fxe4 Rc6 23. Rhd1 Bf8 24. g4 hxg4 25. Bxg4 Kf7 26. h5 g5 27. R5d3 Ke8
28. Bf5 Rdc8 29. c3 Rd8 30. Bg6# 1-0

[Event "PRO League Group Stage"]
[Site "chess.com INT"]
[Date "2018.02.03"]
[Round "4"]
[White "Nakamura, Hikaru"]
[Black "Hansen, Eric"]
[Result "1-0"]
[WhiteTitle "GM"]
[BlackTitle "GM"]
[WhiteElo "2781"]
[BlackElo "2629"]
[WhiteTeam "Seattle Sluggers"]
[BlackTeam "Montreal Chessbrahs"]
[WhiteFideId "2016192"]
[BlackFideId "2606771"]
[EventDate "2018.01.18"]

1. Nf3 g6 2. e4 d6 3. d4 Nf6 4. Bd3 Bg7 5. O-O O-O 6. Re1 Nc6 7. d5 Nb8 8. c4 e5
9. c5 dxc5 10. Nxe5 Re8 11. Nf3 c4 12. Bc2 c6 13. Nc3 Bg4 14. Bg5 Qb6 15. Na4
Qa5 16. Qd2 Qxd2 17. Nxd2 b5 18. Nc3 a6 19. h3 Bc8 20. d6 Nbd7 21. Bxf6 Bxf6 22.
f4 Bd4+ 23. Kh2 b4 24. Na4 a5 25. Nxc4 Ba6 26. Rad1 Bf2 27. Re2 Ba7 28. Bd3 Bb5
29. b3 Re6 30. e5 Rae8 31. Nab2 Nc5 32. f5 gxf5 33. Bxf5 Rh6 34. Re3 Kf8 35. Rf3
Rh4 36. g4 Rh6 37. Kg3 a4 38. g5 Rg6 39. Bxg6 hxg6 40. Rdf1 Ne4+ 41. Kg4 f5+ 42.
gxf6 a3 43. Nd3 c5 44. Nf4 Bd7+ 45. e6 Rxe6 46. Nxe6+ Bxe6+ 47. Kf4 Nc3 48. Rxc3
bxc3 49. Rc1 1-0

[Event "PRO League Group Stage"]
[Site "chess.com INT"]
[Date "2018.02.03"]
[Round "4"]
[White "Grabinsky, Aaron"]
[Black "Chu, Ruotong"]
[Result "1-0"]
[WhiteElo "2359"]
[BlackElo "2267"]
[WhiteTeam "Webster Windmills"]
[BlackTeam "Chengdu Pandas"]
[WhiteFideId "2087090"]
[BlackFideId "8605653"]
[EventDate "2018.01.18"]

1. b3 Nf6 2. Bb2 g6 3. Nf3 Bg7 4. c4 c5 5. g3 d6 6. Bg2 e5 7. O-O O-O 8. d3 Nc6
9. Nc3 Be6 10. e3 Qd7 11. d4 exd4 12. exd4 Bg4 13. dxc5 dxc5 14. Na4 b6 15. Qxd7
Nxd7 16. Bxg7 Kxg7 17. Ng5 Rac8 18. h3 Be2 19. Rfe1 Nd4 20. Nc3 Rfe8 21. Nge4
Nf3+ 22. Bxf3 Bxf3 23. Nd6 Rxe1+ 24. Rxe1 Rc6 25. Ncb5 a6 26. Re7 axb5 27. Rxf7+
Kg8 28. Rxd7 b4 29. g4 g5 30. Kh2 h5 31. Kg3 hxg4 32. hxg4 Bd1 33. Ne4 Bc2 34.
Nxg5 Bb1 35. Rd2 Rc7 36. Rd8+ 1-0

[Event "PRO League Group Stage"]
[Site "chess.com INT"]
[Date "2018.02.03"]
[Round "4"]
[White "Nakamura, Hikaru"]
[Black "Iturrizaga Bonelli, Eduardo"]
[Result "1-0"]
[WhiteTitle "GM"]
[BlackTitle "GM"]
[WhiteElo "2781"]
[BlackElo "2650"]
[WhiteTeam "Seattle Sluggers"]
[BlackTeam "Miami Champions"]
[WhiteFideId "2016192"]
[BlackFideId "3901211"]
[EventDate "2018.01.18"]

1. Nf3 c5 2. e4 g6 3. g3 Bg7 4. Bg2 Nc6 5. O-O d6 6. d3 e5 7. c3 Nge7 8. a3 a5
9. a4 O-O 10. Na3 h6 11. Nh4 g5 12. Nf3 f5 13. exf5 Bxf5 14. Be3 Qd7 15. Re1 Bg4
16. Qb3+ Be6 17. Qc2 Nd5 18. Nd2 Nf4 19. Bxf4 gxf4 20. Nac4 Qc7 21. Qd1 d5 22.
Na3 Qf7 23. Qe2 Rad8 24. Nb5 Kh8 25. Rad1 Bf5 26. gxf4 Bg4 27. Qxg4 1-0

[Event "PRO League Group Stage"]
[Site "chess.com INT"]
[Date "2018.02.03"]
[Round "4"]
[White "Nakamura, Hikaru"]
[Black "Shimanov, Aleksandr"]
[Result "1-0"]
[WhiteTitle "GM"]
[BlackTitle "GM"]
[WhiteElo "2781"]
[BlackElo "2641"]
[WhiteTeam "Seattle Sluggers"]
[BlackTeam "Webster Windmills"]
[WhiteFideId "2016192"]
[BlackFideId "4198603"]
[EventDate "2018.01.18"]

1. Nf3 Nf6 2. d4 d5 3. Bf4 c5 4. e3 Nc6 5. c3 Bg4 6. Qb3 Qc8 7. Ne5 c4 8. Qa4
Bd7 9. Nxd7 Qxd7 10. b3 cxb3 11. axb3 e6 12. Bb5 Bd6 13. Bxc6 bxc6 14. Bxd6 Qxd6
15. Qa3 Ke7 16. Nd2 Rhb8 17. Ke2 a5 18. f3 Nd7 19. Qxd6+ Kxd6 20. Ra3 Ra7 21.
Rha1 Rba8 22. b4 a4 23. c4 dxc4 24. Nxc4+ Kc7 25. e4 Nb6 26. Na5 Kd7 27. Rc1 Rc8
28. Rac3 Rac7 29. Rc5 Kd6 30. Kd3 Kd7 31. h4 Kd6 32. h5 Nd7 33. Nc4+ Ke7 34. Ra5
Rb8 35. Rxa4 Nb6 36. Ra6 Nxc4 37. Rxc4 Kd7 38. Kc3 g6 39. h6 Rbc8 40. Rc5 f5 41.
e5 Rb8 42. Rca5 Rcb7 43. Ra7 Kc7 44. Kc4 g5 45. R5a6 Rd8 46. Ra8 Rxa8 47. Rxa8
Kb6 48. Re8 Ra7 49. Rxe6 Ra2 50. d5 Rc2+ 51. Kd3 Rxg2 52. Rxc6+ Kb5 53. e6 1-0

[Event "PRO League Group Stage"]
[Site "chess.com INT"]
[Date "2018.02.03"]
[Round "4"]
[White "Nakamura, Hikaru"]
[Black "Liang, Awonder"]
[Result "0-1"]
[WhiteTitle "GM"]
[BlackTitle "GM"]
[WhiteElo "2781"]
[BlackElo "2572"]
[WhiteTeam "Seattle Sluggers"]
[BlackTeam "Pittsburgh Pawngrabbers"]
[WhiteFideId "2016192"]
[BlackFideId "2056437"]
[EventDate "2018.01.18"]

1. Nf3 Nf6 2. b3 g6 3. Bb2 Bg7 4. d4 O-O 5. e3 b6 6. Be2 Bb7 7. O-O d6 8. c4
Nbd7 9. Qc2 c5 10. Rd1 cxd4 11. Nxd4 Rc8 12. Nc3 a6 13. Rac1 Rc7 14. Bf3 Qa8 15.
Bxb7 Qxb7 16. Qe2 Rfc8 17. e4 e6 18. Ba3 Nc5 19. Bxc5 Rxc5 20. Qe3 d5 21. cxd5
exd5 22. exd5 Nxd5 23. Nxd5 Qxd5 24. Nf3 Rxc1 25. Rxc1 Rxc1+ 26. Qxc1 Qa5 27.
Qc2 Bf6 28. g3 Kg7 29. Kg2 Qb4 30. Nd2 Qd4 31. Ne4 Qd5 32. f3 Qd4 33. Qd2 Qxd2+
34. Nxd2 Bc3 35. Ne4 Bb4 36. f4 f5 37. Ng5 h6 38. Nf3 Kf6 39. Kf1 g5 40. fxg5+
hxg5 41. h4 g4 42. Nd4 Bc5 43. Ne2 Be3 44. Nc3 Ke5 45. Ke2 Bd4 46. Nb1 f4 47.
gxf4+ Kxf4 48. Nd2 Be3 49. Nc4 Bc5 50. Nd2 g3 51. Kf1 Bb4 52. Nc4 b5 53. Nb2 Kf3
54. Nd3 Bc3 0-1

[Event "PRO League Group Stage"]
[Site "chess.com INT"]
[Date "2018.02.03"]
[Round "4"]
[White "Izoria, Zviad"]
[Black "Della Morte, German"]
[Result "1-0"]
[WhiteTitle "GM"]
[BlackTitle "IM"]
[WhiteElo "2599"]
[BlackElo "2353"]
[WhiteTeam "San Jose Hackers"]
[BlackTeam "Buenos Aires Krakens"]
[WhiteFideId "13601733"]
[BlackFideId "113522"]
[EventDate "2018.01.18"]

1. Nf3 Nf6 2. c4 e6 3. Nc3 d5 4. d4 Bb4 5. cxd5 exd5 6. Bg5 h6 7. Bh4 O-O 8. e3
Bf5 9. Qb3 Bxc3+ 10. bxc3 Nc6 11. Be2 Na5 12. Qb4 b6 13. Nd2 Rc8 14. O-O c5 15.
dxc5 Rxc5 16. Nb3 Nxb3 17. axb3 Qc7 18. Bg3 Qe7 19. Qf4 Bc2 20. Qd6 Qb7 21. b4
Rxc3 22. Ba6 Qa8 23. Qe5 Rc6 24. Rfc1 Bg6 25. Rxc6 Qxc6 26. Qc7 Qe6 27. Bf1 a5
28. bxa5 bxa5 29. Qxa5 Ne4 30. Qb4 h5 31. Qd4 Rc8 32. Bf4 Bh7 33. f3 g5 34. Ra6
Qe7 35. Be5 Nc5 36. Bf6 Qd7 37. Ra5 Ne6 38. Qxd5 Qxd5 39. Rxd5 g4 40. Rxh5 gxf3
41. gxf3 Rc1 42. e4 Bg6 43. Rh8# 1-0

[Event "PRO League Group Stage"]
[Site "chess.com INT"]
[Date "2018.02.03"]
[Round "4"]
[White "Izoria, Zviad"]
[Black "Bartholomew, John"]
[Result "1-0"]
[WhiteTitle "GM"]
[BlackTitle "IM"]
[WhiteElo "2599"]
[BlackElo "2459"]
[WhiteTeam "San Jose Hackers"]
[BlackTeam "Minnesota Blizzard"]
[WhiteFideId "13601733"]
[BlackFideId "2019353"]
[EventDate "2018.01.18"]

1. Nf3 d5 2. d4 Nf6 3. c4 c6 4. g3 Bg4 5. Ne5 Bf5 6. cxd5 cxd5 7. Nc3 Nc6 8. Qa4
Bd7 9. Nxd7 Nxd7 10. Nxd5 e6 11. Nc3 Nb6 12. Qb3 Qxd4 13. Bg2 Qb4 14. O-O Be7
15. Qxb4 Bxb4 16. Nb5 O-O 17. Bf4 e5 18. a3 Be7 19. Be3 Nc4 20. Rfc1 Nxe3 21.
fxe3 Rfc8 22. Rc2 a6 23. Nc3 Bc5 24. Kf2 Ba7 25. Rac1 f5 26. Bd5+ Kh8 27. Bxc6
bxc6 28. Nd1 f4 29. Rxc6 fxe3+ 30. Kg2 Rxc6 31. Rxc6 Bd4 32. b4 h5 33. Nc3 a5
34. b5 a4 35. b6 Kh7 36. Nd5 Rd8 37. b7 Rb8 38. Rc7 e4 39. Ne7 Be5 40. Rd7 Bb2
41. Nc6 Rxb7 42. Rxb7 Bxa3 43. Ra7 1-0

[Event "PRO League Group Stage"]
[Site "chess.com INT"]
[Date "2018.02.03"]
[Round "4"]
[White "Izoria, Zviad"]
[Black "Ramirez, Alejandro"]
[Result "1/2-1/2"]
[WhiteTitle "GM"]
[BlackTitle "GM"]
[WhiteElo "2599"]
[BlackElo "2568"]
[WhiteTeam "San Jose Hackers"]
[BlackTeam "Saint Louis Arch Bishops"]
[WhiteFideId "13601733"]
[BlackFideId "6500617"]
[EventDate "2018.01.18"]

1. Nf3 c5 2. c4 g6 3. d4 cxd4 4. Nxd4 Nc6 5. e4 Nf6 6. Nc3 d6 7. Nc2 Bg7 8. Be2
O-O 9. O-O Nd7 10. Bd2 Nc5 11. b4 Ne6 12. Rc1 Ned4 13. Nxd4 Nxd4 14. Be3 e5 15.
Nb5 Nxb5 16. cxb5 Be6 17. Bc4 Qd7 18. a4 Bf6 19. Qd3 Be7 20. Bd5 Rfb8 21. a5 Kg7
22. h3 h6 23. Rc3 Bg5 24. Bxg5 hxg5 25. Bxe6 Qxe6 26. Rc7 Rc8 27. Rxb7 Rc4 28.
Qd5 Qxd5 29. exd5 Rxb4 30. Rc1 g4 31. hxg4 Rd4 32. Rcc7 Rxd5 33. Rxf7+ Kh6 34.
Kh2 a6 35. bxa6 Rxa6 36. Kg3 Kg5 37. Rb6 1/2-1/2